Zwycięzcy konkursów Turnieju Czterech Skoczni - Statystyki

Ogólne statystyki
  • Ten quiz został rozwiązany 87 razy
  • Średni wynik to 65 z 88
Statystyki odpowiedzi
Hint Odpowiedź % Poprawnych
2016/2017 Bischofshofen HS140 Kamil Stoch
99%
2017/2018 Oberstdorf HS137 Kamil Stoch
99%
2017/2018 Ga-Pa HS140 Kamil Stoch
99%
2017/2018 Innsbruck HS130 Kamil Stoch
99%
2017/2018 Bischofshofen HS140 Kamil Stoch
99%
2020/2021 Innsbruck HS128 Kamil Stoch
99%
2020/2021 Bischofshofen HS142 Kamil Stoch
99%
2000/2001 Innsbruck K108 Adam Małysz
97%
2000/2001 Bischofshofen K120 Adam Małysz
97%
2019/2020 Bischofshofen HS142 Dawid Kubacki
95%
2020/2021 Ga-Pa HS142 Dawid Kubacki
95%
2018/2019 Oberstdorf HS137 Ryoyu Kobayashi
91%
2018/2019 Ga-Pa HS142 Ryoyu Kobayashi
91%
2018/2019 Innsbruck HS130 Ryoyu Kobayashi
91%
2018/2019 Bischofshofen HS142 Ryoyu Kobayashi
91%
2019/2020 Oberstdorf HS137 Ryoyu Kobayashi
91%
2021/2022 Oberstdorf HS137 Ryoyu Kobayashi
91%
2021/2022 Ga-Pa HS142 Ryoyu Kobayashi
91%
2021/2022 Bischofshofen HS142 Ryoyu Kobayashi
91%
2002/2003 Innsbruck K120 Janne Ahonen
88%
2004/2005 Oberstdorf HS137 Janne Ahonen
88%
2004/2005 Ga-Pa HS125 Janne Ahonen
88%
2004/2005 Innsbruck HS130 Janne Ahonen
88%
2005/2006 Oberstdorf HS137 Janne Ahonen
88%
2005/2006 Bischofshofen HS140 Janne Ahonen
88%
2007/2008 Bischofshofen HS140 Janne Ahonen
88%
2007/2008 Bischofshofen HS140 Janne Ahonen
88%
2015/2016 Ga-Pa HS140 Peter Prevc
88%
2015/2016 Innsbruck HS130 Peter Prevc
88%
2015/2016 Bischofshofen HS140 Peter Prevc
88%
2014/2015 Oberstdorf HS137 Stefan Kraft
84%
2016/2017 Oberstdorf HS137 Stefan Kraft
84%
2006/2007 Oberstdorf HS137 Gregor Schlierenzauer
80%
2006/2007 Bischofshofen HS140 Gregor Schlierenzauer
80%
2007/2008 Ga-Pa HS140 Gregor Schlierenzauer
80%
2009/2010 Ga-Pa HS140 Gregor Schlierenzauer
80%
2009/2010 Innsbruck HS130 Gregor Schlierenzauer
80%
2011/2012 Oberstdorf HS137 Gregor Schlierenzauer
80%
2011/2012 Ga-Pa HS140 Gregor Schlierenzauer
80%
2012/2013 Innsbruck HS130 Gregor Schlierenzauer
80%
2012/2013 Bischofshofen HS140 Gregor Schlierenzauer
80%
2005/2006 Ga-Pa HS125 Jakub Janda
79%
2015/2016 Oberstdorf HS137 Severin Freund
78%
2008/2009 Oberstdorf HS137 Simon Ammann
76%
2010/2011 Ga-Pa HS140 Simon Ammann
76%
2013/2014 Oberstdorf HS137 Simon Ammann
76%
2007/2008 Oberstdorf HS137 Thomas Morgenstern
74%
2009/2010 Bischofshofen HS140 Thomas Morgenstern
74%
2010/2011 Oberstdorf HS137 Thomas Morgenstern
74%
2010/2011 Innsbruck HS130 Thomas Morgenstern
74%
2011/2012 Bischofshofen HS140 Thomas Morgenstern
74%
2001/2002 Oberstdorf K115 Sven Hannawald
72%
2001/2002 Ga-Pa K115 Sven Hannawald
72%
2001/2002 Innsbruck K120 Sven Hannawald
72%
2001/2002 Bischofshofen K120 Sven Hannawald
72%
2002/2003 Oberstdorf K115 Sven Hannawald
72%
2016/2017 Ga-Pa HS140 Daniel-Andre Tande
70%
2016/2017 Innsbruck HS130 Daniel-Andre Tande
70%
2000/2001 Oberstdorf K115 Martin Schmitt
68%
2006/2007 Innsbruck HS130 Anders Jacobsen
67%
2012/2013 Oberstdorf HS137 Anders Jacobsen
67%
2012/2013 Ga-Pa HS140 Anders Jacobsen
67%
2014/2015 Ga-Pa HS140 Anders Jacobsen
67%
2009/2010 Oberstdorf HS137 Andreas Kofler
67%
2011/2012 Innsbruck HS130 Andreas Kofler
67%
2020/2021 Oberstdorf HS137 Karl Geiger
66%
2000/2001 Ga-Pa K115 Noriaki Kasai
66%
2008/2009 Ga-Pa HS140 Wolfgang Loitzl
63%
2008/2009 Innsbruck HS130 Wolfgang Loitzl
63%
2008/2009 Bischofshofen HS140 Wolfgang Loitzl
63%
2013/2014 Ga-Pa HS140 Thomas Diethart
62%
2013/2014 Bischofshofen HS140 Thomas Diethart
62%
2014/2015 Innsbruck HS130 Richard Freitag
61%
2019/2020 Ga-Pa HS142 Marius Lindvik
53%
2019/2020 Innsbruck HS130 Marius Lindvik
53%
2003/2004 Oberstdorf K120 Sigurd Pettersen
50%
2003/2004 Ga-Pa K115 Sigurd Pettersen
50%
2003/2004 Bischofshofen K125 Sigurd Pettersen
50%
2014/2015 Bischofshofen HS140 Michael Hayböck
49%
2021/2022 Bischofshofen HS142 Daniel Huber
43%
2013/2014 Innsbruck HS130 Anssi Koivuranta
39%
2010/2011 Bischofshofen HS140 Tom Hilde
38%
2002/2003 Bischofshofen K120 Bjørn Einar Romøren
36%
2002/2003 Ga-Pa K115 Primož Peterka
36%
2006/2007 Ga-Pa HS125 Andreas Küttel
28%
2004/2005 Bischofshofen HS140 Martin Höllwarth
26%
2003/2004 Innsbruck K120 Peter Žonta
16%
2005/2006 Innsbruck HS130 Lars Bystøl
14%
Nie znaleziono quizów pasujących do podanych kryteriów
Rozkład punktacji
Procent ludzi z każdym wynikiem
Percentyl według liczby udzielonych odpowiedzi
Twoja historia wyników
Nie rozwiązałeś tego quizu